Statystyki dla Owoce według zdjęcia

Kliknij tutaj aby rozwiązać quiz!

Ogólne statystyki

  • Ten quiz został rozwiązany 600 razy
  • Średni wynik to 12 z 20

Statystyki odpowiedzi

Odpowiedź% Poprawnych
Gruszka
100%
Truskawka
98%
Awokado
97%
Arbuz
95%
Kiwi
95%
Granat
94%
Ananas
93%
Mango
91%
Jeżyna
83%
Liczi
77%
Porzeczka
76%
Figa
57%
Papaja
56%
Pigwa
36%
Męczennica jadalna
21%
Kumkwat
13%
Persymona
12%
Chlebowiec różnolistny
9%
Guawa
8%
Jagodzian rambutan
3%

Rozkład punktacji

Percentyl według liczby udzielonych odpowiedzi

Procent ludzi z każdym wynikiem

Twoja historia wyników

Nie rozwiązałeś tego quizu